<?xml version="1.0" encoding="UTF-8"?>
<collection xmlns="http://www.loc.gov/MARC21/slim">
  <record>
    <leader>00000nam  2200000   4500</leader>
    <controlfield tag="001">INLIS00000000000055</controlfield>
    <controlfield tag="005">20260702043538</controlfield>
    <datafield tag="020" ind1="#" ind2="#">
      <subfield code="a">978-623-240-482-3</subfield>
    </datafield>
    <datafield tag="082" ind1="#" ind2="#">
      <subfield code="a">613.208</subfield>
    </datafield>
    <datafield tag="100" ind1="1" ind2="#">
      <subfield code="a">Dr. Azzaky, Sp.Pd, Dkk</subfield>
    </datafield>
    <datafield tag="245" ind1="1" ind2=" ">
      <subfield code="a">Lansia Dan Pengaturan Gizinya /</subfield>
      <subfield code="c">Dr. Azzaky, Sp.Pd, Dkk</subfield>
    </datafield>
    <datafield tag="300" ind1="#" ind2="#">
      <subfield code="a">56 ; 14 x 20</subfield>
    </datafield>
  </record>
</collection>
